Gaming Quiz

Random Gaming or Clickable Quiz

Gaming Words in Book Titles Quiz Stats

 Plays Quiz Updated Jun 11, 2018

Challenge
Share
Tweet
Embed
Score 0/30 Timer 07:00
2 Plays Today
% Correct
Button
91.7%
Treasure
91%
Casino
90.9%
King
87.8%
Game
87.2%
Kite
83.4%
Quest
81.9%
Bet
80.3%
Player
79.8%
Pieces
77.6%
Mastermind
75.3%
Cards
75.1%
Doll
74.4%
Balloon
71.9%
Doom
71.8%
% Correct
Crayon
70.8%
Levels
70.4%
Chips
68.2%
Assassin
68%
Roll
67%
Toys
66.2%
Pool
64%
Clue
63.7%
Point
60.1%
Rules
58%
Bridge
55.2%
Childhood
54%
Hearts
51.8%
Operation
49.3%
Hedgehog
39.2%

You're not logged in!

Compare scores with friends on all Sporcle quizzes.
Join for Free
OR
Log In

You Might Also Like...

Show Comments

Extras

Top Quizzes Today


Score Distribution

Your Account Isn't Verified!

In order to create a playlist on Sporcle, you need to verify the email address you used during registration. Go to your Sporcle Settings to finish the process.

Report this User

Report this user for behavior that violates our Community Guidelines.

Details: